Generación distribuida: impacto sobre la coordinación de dsipositivos de protección en red de distribución de la CNFL
保存先:
| 第一著者: | |
|---|---|
| その他の著者: | |
| フォーマット: | 図書 |
| 言語: | Spanish |
| 出版事項: |
[San José], Costa Rica
2016
|
| 主題: | |
| タグ: |
タグ追加
タグなし, このレコードへの初めてのタグを付けませんか!
|
MARC
| LEADER | 00000nam a22000007a 4500 | ||
|---|---|---|---|
| 003 | 012422 | ||
| 005 | 20230913152646.0 | ||
| 008 | 160715b2016 cr a|||| |||| 00| ||spa d | ||
| 040 | |c cru CEDI | ||
| 090 | |a TFG 7580 | ||
| 100 | |9 683 |a Molina Guzmán, Bryan, 1991- | ||
| 245 | |a Generación distribuida: impacto sobre la coordinación de dsipositivos de protección en red de distribución de la CNFL | ||
| 260 | |a [San José], Costa Rica |c 2016 | ||
| 300 | |a xvii,83 hojas; ilustraciones | ||
| 500 | |a Proyecto de graduación (bachillerato en ingeniería eléctrica)--Universidad de Costa Rica. Facultad de Ingeniería. Escuela de Ingeniería Eléctrica | ||
| 501 | |a Profesor Guía de IE-0499 Proyecto Eléctrico: Dr. Jorge Blanco Roldán | ||
| 610 | 0 | |9 772 |a COMPAÑIA NACIONAL DE FUERZA Y LUZ (COSTA RICA) | |
| 650 | |x SISTEMAS DE ENERGIA ELECTRICA |x GENERACION DISTRIBUIDA DE ENERGIA ELECTRICA |9 5240 | ||
| 700 | |9 736 |a Blanco Roldán, Jorge, 1950- |d Director de Proyecto Eléctrico | ||
| 942 | |c CEDI | ||
| 999 | |c 17003 |d 17003 | ||
